[Event "ESP-ch U18"]
[Site "Oropesa del Mar"]
[Date "2001.07.04"]
[Round "6.3"]
[White "Fernandez Romero, Ernesto"]
[Black "Ibarra Jerez, Juan Miguel"]
[Result "1-0"]
[WhiteElo "2343"]
[BlackElo "2161"]
[PlyCount "65"]
[EventDate "2001.07.01"]
[EventType "swiss"]
[EventRounds "8"]
[EventCountry "ESP"]
[SourceTitle "EXT 2002"]
[Source "ChessBase"]
[SourceDate "2001.11.25"]
[SourceVersion "1"]
[SourceVersionDate "2001.11.25"]
[SourceQuality "1"]

1. e4 c5 2. Nf3 d6 3. d4 cxd4 4. Nxd4 Nf6 5. Nc3 a6 6. Bg5 e6 7. f4 Nc6 8. Nxc6 bxc6 9. e5 h6 10. Bh4 g5 11. Bg3 Nd5 12. Nxd5 exd5 13. Bd3 dxe5 14. fxe5 Qb6 15. Qe2 Be6 16. c3 a5 17. Bf2 Bc5 18. 0-0 h5 19. Kh1 Bxf2 20. Rxf2 Ra7 21. Raf1 Bg4 22. Qd2 Rg8 23. c4 Be6 24. Bf5 Qb4 25. Qd1 Bxf5 26. Rxf5 Qxc4 27. e6 Rg7 28. Qxh5 Qh4 29. Qe2 Kf8 30. Qe5 Qb4 31. a3 Qb6 32. Qd6+ Ke8 33. exf7+ 1-0